5HLuxD.jpg

KING HENRY VIII SENIOR AND PRIMARY SCHOOL LIBRARY OPAC

Diary of a Wimpy kid : (Record no. 684)

000 -LEADER
fixed length control field 01336cam a2200277 a 4500
001 - CONTROL NUMBER
control field 2037489
003 - CONTROL NUMBER IDENTIFIER
control field OSt
005 - DATE AND TIME OF LATEST TRANSACTION
control field 20191014155605.0
008 - FIXED-LENGTH DATA ELEMENTS--GENERAL INFORMATION
fixed length control field 161128s2016 enka cd 000 1 eng
020 ## - INTERNATIONAL STANDARD BOOK NUMBER
International Standard Book Number 9780141373027
Qualifying information (international hbk.) :
020 ## - INTERNATIONAL STANDARD BOOK NUMBER
International Standard Book Number 0141373024
Qualifying information (interenational hbk.)
040 ## - CATALOGING SOURCE
Original cataloging agency DLC
Language of cataloging eng
Transcribing agency KH8
042 ## - AUTHENTICATION CODE
Authentication code nbic
082 00 - DEWEY DECIMAL CLASSIFICATION NUMBER
Classification number FIC KIN
Edition number 23
100 1# - MAIN ENTRY--PERSONAL NAME
Personal name Kinney, Jeff.
Relator term author
245 10 - TITLE STATEMENT
Title Diary of a Wimpy kid :
Remainder of title double down /
Statement of responsibility, etc. Jeff Kinney.
246 31 - VARYING FORM OF TITLE
Title proper/short title Double down.
260 ## - PUBLICATION, DISTRIBUTION, ETC.
Place of publication, distribution, etc. London :
Name of publisher, distributor, etc. Puffin,
Date of publication, distribution, etc. 2016.
300 ## - PHYSICAL DESCRIPTION
Extent 217 p. :
Other physical details ill. ;
Dimensions 21 cm.
490 1# - SERIES STATEMENT
Series statement Diary of a wimpy kid ;
Volume/sequential designation 11.
520 ## - SUMMARY, ETC.
Summary, etc. The pressure's really piling up on Greg Heffley. His mom thinks video games are turning his brain to mush, so she wants her son to put down the controller and explore his creative side. As if that's not scary enough, Halloween's just around the corner and the frights are coming at Greg from every angle. When Greg discovers a bag of gummy worms, it sparks an idea. Can he get his mom off his back by making a movie ... and will he become rich and famous in the process? Or will doubling down on this plan just double Greg's troubles?
650 #0 - SUBJECT ADDED ENTRY--TOPICAL TERM
Topical term or geographic name entry element Middle school students
Form subdivision Juvenile fiction.
650 #0 - SUBJECT ADDED ENTRY--TOPICAL TERM
Topical term or geographic name entry element Halloween
Form subdivision Juvenile fiction.
830 #0 - SERIES ADDED ENTRY--UNIFORM TITLE
Uniform title Diary of a wimpy kid ;
Volume/sequential designation 11.
942 ## - ADDED ENTRY ELEMENTS (KOHA)
Source of classification or shelving scheme
Koha item type Books - Fiction
Holdings
Withdrawn status Lost status Source of classification or shelving scheme Damaged status Not for loan Collection code Permanent Location Current Location Shelving location Date acquired Total Checkouts Total Renewals Full call number Barcode Date last seen Date last checked out Price effective from Koha item type
          Fiction KH8 Senior School Library KH8 Senior School Library Fiction 2019-10-14 6 1 FIC KIN 3KHSL000101419 2022-09-21 2022-09-07 2019-10-14 Books - Fiction
          Fiction KH8 Senior School Library KH8 Senior School Library Fiction 2025-11-04 1   FIC KIN 3KHSL000102496 2026-01-08 2026-01-08 2025-11-04 Books - Fiction

Powered By KH8 IT Dept